<?xml version='1.0' encoding='UTF-8'?><?xml-stylesheet href='static/style.xsl' type='text/xsl'?><OAI-PMH xmlns="http://www.openarchives.org/OAI/2.0/" xmlns:xsi="http://www.w3.org/2001/XMLSchema-instance" xsi:schemaLocation="http://www.openarchives.org/OAI/2.0/ http://www.openarchives.org/OAI/2.0/OAI-PMH.xsd"><responseDate>2026-04-30T18:12:16Z</responseDate><request verb="GetRecord" identifier="oai:ebiltegia.mondragon.edu:20.500.11984/4783" metadataPrefix="marc">https://ebiltegia.mondragon.edu/oai/request</request><GetRecord><record><header><identifier>oai:ebiltegia.mondragon.edu:20.500.11984/4783</identifier><datestamp>2024-01-04T21:57:01Z</datestamp><setSpec>com_20.500.11984_1736</setSpec><setSpec>com_20.500.11984_1627</setSpec><setSpec>col_20.500.11984_1972</setSpec></header><metadata><record xmlns="http://www.loc.gov/MARC21/slim" xmlns:dcterms="http://purl.org/dc/terms/" xmlns:xsi="http://www.w3.org/2001/XMLSchema-instance" xmlns:doc="http://www.lyncode.com/xoai" xsi:schemaLocation="http://www.loc.gov/MARC21/slim http://www.loc.gov/standards/marcxml/schema/MARC21slim.xsd">
   <leader>00925njm 22002777a 4500</leader>
   <datafield ind2=" " ind1=" " tag="042">
      <subfield code="a">dc</subfield>
   </datafield>
   <datafield ind2=" " ind1=" " tag="720">
      <subfield code="a">Mondragon Unibertsitatea</subfield>
      <subfield code="e">author</subfield>
   </datafield>
   <datafield ind2=" " ind1=" " tag="260">
      <subfield code="c">2016-10-10</subfield>
   </datafield>
   <datafield ind2=" " ind1=" " tag="520">
      <subfield code="a">Urtero bezala, Humanitate eta Hezkuntza Zientzien Fakultateko Hezkuntza graduko 4. mailako ikasleek aukera izango dute praktikak egiteko Latinoamerikan. Aurten, guztira, 26 ikasle joango dira praktikak egitera Argentina, Txile, Guatemala, Ekuador, Mexiko, Peru eta Boliviako ikastetxeetara. Ikasleak hiru hilabeterako joango dira atzerrira, urritik abendura.</subfield>
   </datafield>
   <datafield ind2=" " ind1=" " tag="520">
      <subfield code="a">Como todos los años, un grupo de estudiantes del cuarto curso de Educación de la Facultad de Humanidades y Ciencias de la Educación realizarán sus prácticas en Latinoamérica. Así, el presente curso serán 26 los estudiantes que se desplazarán a centros escolares de Argentina, Chile, Guatemala, Ecuador, México, Perú y Bolivia. Los estudiantes estarán tres meses de prácticas, de octubre a diciembre de 2016.</subfield>
   </datafield>
   <datafield ind1="8" ind2=" " tag="024">
      <subfield code="a">https://hdl.handle.net/20.500.11984/4783</subfield>
   </datafield>
   <datafield tag="653" ind2=" " ind1=" ">
      <subfield code="a">Humanitate eta Hezkuntza Zientzien Fakultatea</subfield>
   </datafield>
   <datafield ind2="0" ind1="0" tag="245">
      <subfield code="a">Hezkuntzako laugarren mailako 26 ikaslek egingo dituzte aurten praktikak Latinoamerikan</subfield>
   </datafield>
   <datafield ind2="0" ind1="0" tag="245">
      <subfield code="a">26 estudiantes de Educación realizarán sus prácticas de cuarto curso en Latinoamérica</subfield>
   </datafield>
</record></metadata></record></GetRecord></OAI-PMH>